<?xml version="1.0" encoding="UTF-8"?><?xml-stylesheet type="text/xsl" href="static/style.xsl"?><OAI-PMH xmlns="http://www.openarchives.org/OAI/2.0/" xmlns:xsi="http://www.w3.org/2001/XMLSchema-instance" xsi:schemaLocation="http://www.openarchives.org/OAI/2.0/ http://www.openarchives.org/OAI/2.0/OAI-PMH.xsd"><responseDate>2026-05-01T09:37:29Z</responseDate><request verb="GetRecord" identifier="oai:repisalud.isciii.es:20.500.12105/22598" metadataPrefix="marc">https://repisalud.isciii.es/rest/oai/request</request><GetRecord><record><header><identifier>oai:repisalud.isciii.es:20.500.12105/22598</identifier><datestamp>2024-11-28T23:18:01Z</datestamp><setSpec>com_20.500.12105_15322</setSpec><setSpec>com_20.500.12105_2051</setSpec><setSpec>col_20.500.12105_16967</setSpec></header><metadata><record xmlns="http://www.loc.gov/MARC21/slim" xmlns:dcterms="http://purl.org/dc/terms/" xmlns:doc="http://www.lyncode.com/xoai" xmlns:xsi="http://www.w3.org/2001/XMLSchema-instance" xsi:schemaLocation="http://www.loc.gov/MARC21/slim http://www.loc.gov/standards/marcxml/schema/MARC21slim.xsd">
   <leader>00925njm 22002777a 4500</leader>
   <datafield ind2=" " ind1=" " tag="042">
      <subfield code="a">dc</subfield>
   </datafield>
   <datafield ind2=" " ind1=" " tag="720">
      <subfield code="a">Lopez-Gomez, Antonio</subfield>
      <subfield code="e">author</subfield>
   </datafield>
   <datafield ind2=" " ind1=" " tag="720">
      <subfield code="a">Clemente, Antonio</subfield>
      <subfield code="e">author</subfield>
   </datafield>
   <datafield ind2=" " ind1=" " tag="720">
      <subfield code="a">Cunill, Vanesa</subfield>
      <subfield code="e">author</subfield>
   </datafield>
   <datafield ind2=" " ind1=" " tag="720">
      <subfield code="a">Pons De Ves, Jaime</subfield>
      <subfield code="e">author</subfield>
   </datafield>
   <datafield ind2=" " ind1=" " tag="720">
      <subfield code="a">Ferrer Balaguer, Juana Maria</subfield>
      <subfield code="e">author</subfield>
   </datafield>
   <datafield ind2=" " ind1=" " tag="260">
      <subfield code="c">2018-11-21</subfield>
   </datafield>
   <datafield ind2=" " ind1=" " tag="520">
      <subfield code="a">Common variable immunodeficiency (CVID) is characterized by an abnormal B cell differentiation to memory and antibody-secreting B cells. The defective functionality of CVID patients' B cells could be the consequence of alterations in apoptosis regulation. We studied the balance of Bcl-2 family anti-/pro-apoptotic proteins to identify molecular mechanisms that could underlie B cell survival defects in CVID. We used flow cytometry to investigate Bcl-2, Bcl-XL, Bax, and Bim expression in B cells ex vivo and after anti-CD40 or anti-BCR activation with or without IL-21, besides to spontaneous and stimulation-induced Caspase-3 activation and viable/apoptotic B cell subpopulations. We found increased basal levels of Bax and Bim in CVID B cells that correlated with low viability and high Caspase-3 activation only in CD27(+) B cells, particularly in a subgroup of apoptosis-prone CVID (AP-CVID) patients with low peripheral B cell counts and high autoimmunity prevalence (mostly cytopenias). We detected a broad B cell defect in CVID regarding Bcl-2 and Bcl-XL induction, irrespective of the stimulus used. Therefore, peripheral CVID memory B cells are prompted to die from apoptosis due to a constitutive Bcl-2 family protein imbalance and defective protection from activation-induced apoptosis. Interestingly, anti-CD40 and IL-21 induced normal and even higher levels of Bcl-XL, respectively, in CD27(+) B cells from AP-CVID, which was accompanied by cell viability increase. Thus low-survival memory B cells from AP-CVID can overcome their cell death regulation defects through pro-survival signals provided by T cells. In conclusion, we identify apoptosis regulation defects as disease-contributing factors in CVID. B cell counts and case history of cytopenias might be useful to predict positive responses to therapeutic approaches targeting T-dependent signaling pathways.</subfield>
   </datafield>
   <datafield ind1="8" ind2=" " tag="024">
      <subfield code="a">López Gómez A, Clemente A, Cunill Monjo V, Pons De Ves J, Ferrer Balaguer JM. IL-21 and anti-CD40 restore Bcl-2 family protein imbalance in vitro in low-survival CD27(+) B cells from CVID patients. Cell Death Dis. 2018 Nov 21;9:1156.</subfield>
   </datafield>
   <datafield ind1="8" ind2=" " tag="024">
      <subfield code="a">10.1038/s41419-018-1191-8</subfield>
   </datafield>
   <datafield ind1="8" ind2=" " tag="024">
      <subfield code="a">2041-4889</subfield>
   </datafield>
   <datafield ind1="8" ind2=" " tag="024">
      <subfield code="a">Cell Death &amp; Disease</subfield>
   </datafield>
   <datafield ind1="8" ind2=" " tag="024">
      <subfield code="a">http://hdl.handle.net/20.500.13003/9020</subfield>
   </datafield>
   <datafield ind1="8" ind2=" " tag="024">
      <subfield code="a">30464201</subfield>
   </datafield>
   <datafield ind1="8" ind2=" " tag="024">
      <subfield code="a">L625078246</subfield>
   </datafield>
   <datafield ind1="8" ind2=" " tag="024">
      <subfield code="a">2-s2.0-85056951535</subfield>
   </datafield>
   <datafield ind1="8" ind2=" " tag="024">
      <subfield code="a">https://hdl.handle.net/20.500.12105/22598</subfield>
   </datafield>
   <datafield ind1="8" ind2=" " tag="024">
      <subfield code="a">451129700001</subfield>
   </datafield>
   <datafield ind2="0" ind1="0" tag="245">
      <subfield code="a">IL-21 and anti-CD40 restore Bcl-2 family protein imbalance in vitro in low-survival CD27(+) B cells from CVID patients</subfield>
   </datafield>
</record></metadata></record></GetRecord></OAI-PMH>